00461nam a22001577a 450000500170000000800410001702000240005804100080008208200170009010000210010724500640012826000410019230000180023350400100025165000420026120260428163937.0260428b |||||||| |||| 00| 0 eng d a9781841135304qpbk. aeng a343.4107 OGU aOgus, Anthony I. aRegulation: Legal form and Economic TheorycAnthony I. Ogus aNorth AmericabHart Publishingc2004 a355p. :c20cm aindex aMilitary, tax, trade & industrial law